000 01214naa a22003017a 4500
001 BR8002005
003 BR-BrBNA
005 20240918174544.0
007 ta
008 230509b bl.||||| |||| 00| 0 por d
040 _aBR-BrBNA
_bpor
_cBiblioteca Nacional de Agricultura
041 _a(Pt)
072 _aE70
_b0430
_bG514
090 _aE70 BR8002005
100 1 _aAlves, M.R.P.
111 1 _a2. Encontro Realidade Nordestina
_cCampina Grande, PB (Brazil)
_d19 nov 1980
245 1 _aDesenvolvimento dos polos de comercio de algodao pelo Estado da Paraiba [Gossypium spp; Brasil]
260 3 _aCampina Grande, PB (Brasil):
_c1980.
500 _aEncontro realidade nordestina. Relacao agricultura e industria e desenvolvimento economico do Nordeste Campina Grande, PB (Brasil): 1980. p. 119-187 (BR8002005-AM)E70
650 _aComercializacao
650 _aAlgodao
650 _aDesenvolvimento comercial
650 _aExportacao
650 _aParaiba
773 0 _tEncontro realidade nordestina. Relacao agricultura e industria e desenvolvimento economico do Nordeste
_wE70 BR8002005
_gCampina Grande, PB (Brasil), 1980. p. 119-187
909 _a202404
_bLucia
_c55
_dLucia Elande
942 _cAM
_2AGRIS
999 _c311974
_d311974